<?xml version="1.0" encoding="UTF-8"?><marc:collection xmlns:marc="http://www.loc.gov/MARC21/slim">
  <marc:record>
    <marc:leader>00000nam  2200000za 4500</marc:leader>
    <marc:controlfield tag="001">9.829255</marc:controlfield>
    <marc:controlfield tag="003">CaOODSP</marc:controlfield>
    <marc:controlfield tag="005">20221107145238</marc:controlfield>
    <marc:controlfield tag="007">cr |||||||||||</marc:controlfield>
    <marc:controlfield tag="008">170222s2017    onca    ob   f000 0 fre d</marc:controlfield>
    <marc:datafield tag="020" ind1=" " ind2=" ">
      <marc:subfield code="a">9780660070759</marc:subfield>
    </marc:datafield>
    <marc:datafield tag="040" ind1=" " ind2=" ">
      <marc:subfield code="a">CaOODSP</marc:subfield>
      <marc:subfield code="b">fre</marc:subfield>
    </marc:datafield>
    <marc:datafield tag="043" ind1=" " ind2=" ">
      <marc:subfield code="a">n-cn---</marc:subfield>
    </marc:datafield>
    <marc:datafield tag="086" ind1="1" ind2=" ">
      <marc:subfield code="a">En4-295/2016F-PDF</marc:subfield>
    </marc:datafield>
    <marc:datafield tag="245" ind1="0" ind2="0">
      <marc:subfield code="a">Réalisation et utilisation d’une évaluation des services écosystémiques aux fins de prises de décisions </marc:subfield>
      <marc:subfield code="h">[ressource électronique] : </marc:subfield>
      <marc:subfield code="b">boîte à outils interdisciplinaire à l’intention des gestionnaires et des analystes / </marc:subfield>
      <marc:subfield code="c">auteures principales, Susan M. Preston et Ciara Raudsepp-Hearne ; au nom du Groupe de travail sur l’étude sur l’importance de la nature pour les Canadiens, gouvernements fédéral, provinciaux et territoriaux du Canada.</marc:subfield>
    </marc:datafield>
    <marc:datafield tag="246" ind1="1" ind2=" ">
      <marc:subfield code="i">Autre titre : </marc:subfield>
      <marc:subfield code="a">Boîte à outils des services écosystémiques</marc:subfield>
    </marc:datafield>
    <marc:datafield tag="260" ind1=" " ind2=" ">
      <marc:subfield code="a">Ottawa : </marc:subfield>
      <marc:subfield code="b">Groupe de travail sur l’étude sur l’importance de la nature pour les Canadiens, gouvernements fédéral, provinciaux et territoriaux du Canada, </marc:subfield>
      <marc:subfield code="c">2017.</marc:subfield>
    </marc:datafield>
    <marc:datafield tag="300" ind1=" " ind2=" ">
      <marc:subfield code="a">301 p. : </marc:subfield>
      <marc:subfield code="b">ill. en coul.</marc:subfield>
    </marc:datafield>
    <marc:datafield tag="500" ind1=" " ind2=" ">
      <marc:subfield code="a">Publ. aussi en anglais sous le titre : Completing and using ecosystem service assessment for decision-making: an interdisciplinary toolkit for managers and analysts.</marc:subfield>
    </marc:datafield>
    <marc:datafield tag="500" ind1=" " ind2=" ">
      <marc:subfield code="a">Publ. par : Environnement et changement climatique Canada.</marc:subfield>
    </marc:datafield>
    <marc:datafield tag="504" ind1=" " ind2=" ">
      <marc:subfield code="a">Comprend des références bibliographiques.</marc:subfield>
    </marc:datafield>
    <marc:datafield tag="520" ind1=" " ind2=" ">
      <marc:subfield code="a">« La boîte à outils est un guide technique sur l’évaluation et l’analyse des services écosystémiques qui offre des conseils pratiques par étape pour tous les ordres de gouvernement ainsi que pour les experts-conseils et les chercheurs. Fondée sur une approche interdisciplinaire intégrant les sciences biophysiques, les sciences sociales et l’économie ainsi que le savoir traditionnel et les connaissances des praticiens, la boîte à outils présente la façon d’appliquer l’analyse dans différents contextes axés sur les politiques, comme l’aménagement de l’espace, l’évaluation environnementale et la gestion de la faune. Elle offre une gamme d’outils et de ressources pour aider les utilisateurs à mieux comprendre les services écosystémiques, en plus d’appuyer l’analyse et la prise de décision. Elle offre également plusieurs exemples propres au Canada » -- Fourni par l'éditeur..</marc:subfield>
    </marc:datafield>
    <marc:datafield tag="530" ind1=" " ind2=" ">
      <marc:subfield code="a">Également publ. en version imprimée.</marc:subfield>
    </marc:datafield>
    <marc:datafield tag="692" ind1="0" ind2="7">
      <marc:subfield code="2">gccst</marc:subfield>
      <marc:subfield code="a">Évaluation environnementale</marc:subfield>
    </marc:datafield>
    <marc:datafield tag="692" ind1="0" ind2="7">
      <marc:subfield code="2">gccst</marc:subfield>
      <marc:subfield code="a">Gestion de l'environnement</marc:subfield>
    </marc:datafield>
    <marc:datafield tag="692" ind1="0" ind2="7">
      <marc:subfield code="2">gccst</marc:subfield>
      <marc:subfield code="a">Manuel</marc:subfield>
    </marc:datafield>
    <marc:datafield tag="700" ind1="1" ind2=" ">
      <marc:subfield code="a">Preston, Susan M.</marc:subfield>
      <marc:subfield code="q">(Susan Margaret),</marc:subfield>
    </marc:datafield>
    <marc:datafield tag="700" ind1="1" ind2=" ">
      <marc:subfield code="a">Raudsepp-Hearne, Ciara,</marc:subfield>
    </marc:datafield>
    <marc:datafield tag="710" ind1="2" ind2=" ">
      <marc:subfield code="a">Groupe de travail de l’Étude sur l’importance de la nature pour les Canadiens.</marc:subfield>
    </marc:datafield>
    <marc:datafield tag="710" ind1="1" ind2=" ">
      <marc:subfield code="a">Canada. </marc:subfield>
      <marc:subfield code="b">Environnement et changement climatique Canada.</marc:subfield>
    </marc:datafield>
    <marc:datafield tag="775" ind1="0" ind2="8">
      <marc:subfield code="t">Completing and using ecosystem service assessment for decision-making </marc:subfield>
      <marc:subfield code="w">(CaOODSP)9.829253</marc:subfield>
    </marc:datafield>
    <marc:datafield tag="776" ind1="0" ind2="#">
      <marc:subfield code="t">Réalisation et utilisation d’une évaluation des services écosystémiques aux fins de prises de decisions : </marc:subfield>
      <marc:subfield code="w">(CaOODSP)9.829259</marc:subfield>
    </marc:datafield>
    <marc:datafield tag="856" ind1="4" ind2="0">
      <marc:subfield code="q">PDF</marc:subfield>
      <marc:subfield code="s">7.93 Mo</marc:subfield>
      <marc:subfield code="u">https://publications.gc.ca/collections/collection_2017/eccc/En4-295-2016-fra.pdf</marc:subfield>
    </marc:datafield>
    <marc:datafield tag="856" ind1="4" ind2="0">
      <marc:subfield code="q">HTML</marc:subfield>
      <marc:subfield code="s">S.O.</marc:subfield>
      <marc:subfield code="u">https://www.biodivcanada.ca/rapports/boite-a-outils-des-services-ecosystemiques</marc:subfield>
    </marc:datafield>
  </marc:record>
</marc:collection>
